|
|
|
|
| LEADER |
01095nam a2200349 4500 |
| 001 |
DLU090094105 |
| 005 |
##20091201 |
| 040 |
# |
# |
|a DLU
|b eng
|
| 041 |
# |
# |
|a eng
|
| 044 |
# |
# |
|a us
|
| 100 |
# |
# |
|a Fuller, C. C.
|
| 245 |
# |
# |
|a Molecular-scale characterization of uranium sorption by bone apatite materials for a permeable reactive barrier demonstration /
|c C. C. Fuller, J. R. Bargar, J. A. Davis.
|
| 653 |
# |
# |
|a Actinide
|
| 653 |
# |
# |
|a Animal waste
|
| 653 |
# |
# |
|a EXAFS spectrometry
|
| 653 |
# |
# |
|a Heavy metal
|
| 653 |
# |
# |
|a Permeable reactive barrier
|
| 653 |
# |
# |
|a Synchrotron radiation
|
| 653 |
# |
# |
|a Water pollution
|
| 653 |
# |
# |
|a X ray diffraction
|
| 700 |
# |
# |
|a Bargar, J. R.
|
| 700 |
# |
# |
|a Davis, J. A.
|
| 773 |
# |
# |
|t Environmental Science & Technology
|g Vol. 37, no. 20 (October 2003), p. 4642-4649
|
| 920 |
# |
# |
|a Phòng Tạp chí -- Trung tâm Thông tin - Thư viện Trường Đại học Đà Lạt
|
| 994 |
# |
# |
|a DLU
|
| 900 |
# |
# |
|a True
|
| 911 |
# |
# |
|a Trương Bảo Trâm Anh
|
| 925 |
# |
# |
|a G
|
| 926 |
# |
# |
|a A
|
| 927 |
# |
# |
|a BB
|
| 980 |
# |
# |
|a Thư viện Trường Đại học Đà Lạt
|